Reliez la région à son pays #2 - Statistiques

Statistiques générales
  • Ce quiz a été pris 250 fois
  • Le résultat moyen est 11 sur 15
Statistiques - réponses
Hint Réponse % Correct
Pays de la Loire France
95%
Catalogne Espagne
93%
Illinois États-Unis
91%
Bavière Allemagne
89%
Laponie Finlande
87%
Chihuahua Mexique
82%
Yunnan Chine
78%
Latium Italie
76%
Médine Arabie saoudite
74%
Lubusz Pologne
71%
Highland Écosse
70%
Kent Angleterre
67%
Tessin Suisse
66%
Santa Catarina Brésil
57%
Ziguinchor Sénégal
53%
Aucun quiz correspondant
Distribution des résultats
% des personnes avec chaque résultat
Percentile par nombre de réponses
Votre historique - résultats
Vous n’avez pas pris ce quiz